| 000 | 00593nam a22002177a 4500 | ||
|---|---|---|---|
| 003 | OSt | ||
| 005 | 20140310184251.0 | ||
| 008 | 121113t xxu||||| |||| 00| 0 eng d | ||
| 020 | _a9780545268486 | ||
| 050 |
_aQ 121 _b.C622 2011 |
||
| 100 | _aClaybourne, Anna | ||
| 245 |
_a100 Most awesome things on the planet : _bprepared to be amazed / _cAnna Claybourne. |
||
| 260 |
_aNew York: _bScholastic Inc., _c2011. |
||
| 300 |
_a112 p. : _bill. col. ; _c23 cm. |
||
| 521 | _aG11 | ||
| 526 | _c1080 | ||
| 942 |
_2lcc _cBK-SCHOLAS |
||
| 999 |
_c33373 _d33373 |
||